| 000 | 00919nam a22002897a 4500 | ||
|---|---|---|---|
| 003 | CHAP | ||
| 005 | 20220329135937.0 | ||
| 008 | 971013s r 00010 d | ||
| 010 | _a44490 | ||
| 011 | _a45462 | ||
| 035 | _a49601 | ||
| 040 | _cCHAP | ||
| 090 | _aR-1818 | ||
| 100 | 0 | 0 |
_aTaylor, W. A. _9111841 |
| 245 | _aInfluence of surtactants on spray deposition and biological activity of diclofop-methyl on wild oat (Avena fatua L.) | ||
| 500 | _aSobretiro de : Sump. on Spraying Systems 1980 pp. 45-47 | ||
| 590 |
_aBATCH-UPD _b10 _c20130110 _lUCH01 _h0910 |
||
| 590 |
_aBATCH-UPD _b10 _c20130410 _lUCH01 _h0536 |
||
| 590 |
_aBATCH-UPD _b10 _c20130914 _lUCH01 _h0423 |
||
| 590 |
_aCONVERSION _b10 _c20130109 _lUCH01 _h1324 |
||
| 650 | 1 | 4 |
_aAspersión. _98123 |
| 650 | 1 | 4 |
_aAvena fatua. _98557 |
| 650 | 1 | 4 |
_aHerbicidas. _953691 |
| 901 | _aBK | ||
| 942 | _cREIMP | ||
| 949 |
_aR-1818 _bBC _cR _d-111838 _eTS1 _i49601 _si |
||
| 999 |
_c44490 _d44490 |
||